000
00468nam a2200181Ia 4500
008
090124s9999 xx 000 0 und d
082
_b
121354
100
_a
बोधे व. बा.
245
_a
रान चिमणी
250
_a
1
260
_c
1986
300
_a
184
600
_a
बोधे व. बा.
630
_a
रान चिमणी
700
_a
बोधे व. बा.
730
_a
रान चिमणी
942
_c
BOOK
999
_c
167440
_d
167440